| 000 | 00659nam a22001817a 4500 | ||
|---|---|---|---|
| 999 |
_c15832 _d15832 |
||
| 003 | AR-CdUCM | ||
| 008 | 190430b ||||| |||| 00| 0 spa d | ||
| 040 |
_aMUNICIPALIDAD PROVINCIAL DEL CUSCO _cBIBLIOTECA MUNICIPAL DEL CUSCO |
||
| 082 |
_a348. 3 / _bN89 / 1970 |
||
| 110 |
_aNueva ley de minería _935029 |
||
| 245 | _aNueva ley de minería : | ||
| 260 |
_aLima : _bEl Perú y sus leyes, _c1970. |
||
| 300 |
_a16 páginas ; _c17 cm. |
||
| 505 | _aEl estado asume la comercialización de todos los productos minerales -- la refinación del cobre será exclusiva para el estado... | ||
| 650 |
_aLey minera. _935030 |
||
| 942 |
_2ddc _cFOLLETOS |
||
| 945 | _awfj | ||